banner-ar

Medical Microbiology & Immunology Made Easy / (Record no. 60750)

MARC details
000 -الفاتح
حقل البيانات ثابتة الطول 01583cas a2200421 a 4500
005 - وقت وتاريخ اخر تعامل مع التسجيلة
رقم الضبط 20240530110426.0
008 - عناصر البيانات ثابتة الطول - معلومات عامة
حقل البيانات ثابتة الطول 890216s2013 ua ao df b 0 a0eng c
020 ## - الرقم الدولى المعيارى للكتب
الرقم الدولى المعيارى للكتاب 9789789779000
020 ## - الرقم الدولى المعيارى للكتب
الرقم الدولى المعيارى للكتاب 9789779008
040 ## - مصدر الفهرسة
وكالة الفهرسة الأصلية EG-CaGPL
وكالة النسخ EG-CaGPL
082 04 - رقم تصنيف ديوى العشرى
رقم الطبعة 21
رقم التصنيف 616.01\
رقم المادة A M
100 0# - المدخل الرئيسى - إسم شخصى
الإسم الشخصى Alaa A . Alansay
210 0# - العنوان المختصر
العنوان المختصر Med. microbiol. immunol.
245 10 - بيان العنوان
العنوان Medical Microbiology & Immunology Made Easy /
بيان المسئوليه,etc Alaa A . Alansay
260 ## - PUBLICATION, DISTRIBUTION, ETC. (IMPRINT)
تاريخ النشر أو التوزيع 2013 .
300 ## - الوصف المادى
التعداد 161 p.
تفاصيل ماديه اخرى للوعاء ill. ;
أبعاد الوعاء 26 cm.
500 ## - تبصرة عامة
تبصرة عامة "A Lange medical book."
504 ## - تبصرة ببليوجرافية
تبصرة ببليوجرافية,الخ Includes bibliographical references.
650 #0 - المدخل الاضافى بالموضوع-مصطلح موضوعى
مصطلح موضوعي Medical microbiology
التقسيم الفرعي الشكلي Outlines, syllabi, etc.
650 #0 - المدخل الاضافى بالموضوع-مصطلح موضوعى
مصطلح موضوعي Immunology
التقسيم الفرعي الشكلي Outlines, syllabi, etc.
650 #2 - المدخل الاضافى بالموضوع-مصطلح موضوعى
مصطلح موضوعي Allergy and Immunology
التقسيم الفرعي الشكلي Examination Questions.
650 #2 - المدخل الاضافى بالموضوع-مصطلح موضوعى
مصطلح موضوعي Immunity
التقسيم الفرعي الشكلي Examination Questions.
650 #2 - المدخل الاضافى بالموضوع-مصطلح موضوعى
مصطلح موضوعي Microbiology
التقسيم الفرعي الشكلي Examination Questions.
650 #4 - المدخل الاضافى بالموضوع-مصطلح موضوعى
مصطلح موضوعي Allergy and immunology
التقسيم الفرعي العام Examination questions.
650 #4 - المدخل الاضافى بالموضوع-مصطلح موضوعى
مصطلح موضوعي Immunity
التقسيم الفرعي العام Examination questions.
650 #4 - المدخل الاضافى بالموضوع-مصطلح موضوعى
مصطلح موضوعي Microbiology
التقسيم الفرعي العام Examination questions.
650 #7 - المدخل الاضافى بالموضوع-مصطلح موضوعى
مصطلح موضوعي Immunology.
مصدر الرأس أو المصطلح fast
650 #7 - المدخل الاضافى بالموضوع-مصطلح موضوعى
مصطلح موضوعي Medical microbiology.
مصدر الرأس أو المصطلح fast
942 ## - عناصر المدخل الإضافي( كوها)
مصدر التصنيف او مخطط الترفيف Dewey Decimal Classification
Koha [default] item type كتاب
222 #0 -
-- Medical microbiology & immunology
260 ## - PUBLICATION, DISTRIBUTION, ETC. (IMPRINT)
-- Cairo :
-- Alazhar University ,
590 ## - تبصرة محلية(RLIN)
تبصرة محلية SERBIB/SERLOC merged record
650 #7 - المدخل الاضافى بالموضوع-مصطلح موضوعى
-- (OCoLC)fst00968006
650 #7 - المدخل الاضافى بالموضوع-مصطلح موضوعى
-- (OCoLC)fst01014362
655 #7 - مصطلح تكشيفى-نوع/شكل
بيانات النوع/ الشكل أو المصطلح الأساسي Outlines, syllabi, etc.
مصدر المصطلح fast
-- (OCoLC)fst01423836
776 08 - مدخل الشكل المادى الاضافى
نص العرض Online version:
العنوان Medical microbiology & immunology (Online)
الرقم الدولى المعيارى للدوريات 1535-8739
رقم ضبط التسجيلة (DLC) 2001213342
-- (OCoLC)47229338
Holdings
حالة التراجع حالة الفقد مصدر التصنيف او خطة الترفيف حالة تلف ليس للاعارة المكان المؤقت الموقع الحالى تاريخ الاكتساب اجمالي اﻻعارات رقم الطلب الباركود تاريخ اخر مشاهدة تاريخ تفعيل السعر نوع وعاء كوها
    ddc     مكتبة القاهرة الكبرى مكتبة القاهرة الكبرى 03/24/2015   616.01\ A M 159860 03/24/2015 03/24/2015 كتاب

Powered By

EGPV